[Event "Wch U20 60th"]
[Site "Mexico City"]
[Date "2023.09.30"]
[Round "10"]
[White "Royal, Shreyas"]
[Black "Stolyarsky, Yegor"]
[Result "1-0"]
[WhiteElo "2407"]
[BlackElo "2100"]
[PlyCount "125"]
[EventDate "2023.09.21"]
[EventType "swiss"]
[EventRounds "11"]
[EventCountry "MEX"]
[SourceTitle "EXT 2024"]
[Source "ChessBase"]
[SourceDate "2023.10.10"]
[SourceVersion "1"]
[SourceVersionDate "2023.10.10"]
[SourceQuality "1"]

1. d4 d5 2. c4 e6 3. Nc3 a6 4. cxd5 exd5 5. Nf3 Nf6 6. Bg5 Be6 7. e3 Nbd7 8. Bd3 Bd6 9. 0-0 c6 10. h3 Qc7 11. Qd2 0-0 12. Bf4 Rfe8 13. Rac1 Rac8 14. Rfd1 Qb8 15. b3 h6 16. Bxd6 Qxd6 17. Qb2 Nh7 18. Na4 Ng5 19. Ne5 f6 20. Nxd7 Bxd7 21. Nc5 Rc7 22. Bg6 Re7 23. Qc2 Be8 24. Bf5 Bf7 25. h4 Ne6 26. b4 Nxc5 27. dxc5 Qd8 28. Rd4 Qe8 29. Rcd1 g5 30. hxg5 hxg5 31. g3 Kg7 32. Kg2 Bg6 33. Rh1 Re4 34. Rxe4 Qxe4+ 35. Bxe4 Bxe4+ 36. Qxe4 dxe4 37. Rd1 g4 38. Rd4 f5 39. Rd6 Kf7 40. Kf1 Ke7 41. Ke2 Rd7 42. Rd4 Rc7 43. Kd2 Rc8 44. Kc3 Rh8 45. Kb3 Rh2 46. Rd2 a5 47. bxa5 Rh1 48. Ka3 Ke6 49. Rb2 Rh7 50. Kb4 Rh8 51. Kc4 Ra8 52. Kb4 Rh8 53. Ka4 Rh7 54. Rd2 Rh1 55. a6 bxa6 56. Ka5 Rb1 57. a4 Ke5 58. Kxa6 Rb4 59. Ka7 Rb3 60. a5 Rd3 61. Rb2 Kd5 62. Kb6 Rc3 63. a6 1-0

[Event "Wch U20 60th"]
[Site "Mexico City"]
[Date "2023.09.22"]
[Round "2"]
[White "Defromont, Benjamin"]
[Black "Stolyarsky, Yegor"]
[Result "1-0"]
[WhiteElo "2418"]
[BlackElo "2100"]
[PlyCount "71"]
[EventDate "2023.09.21"]
[EventType "swiss"]
[EventRounds "11"]
[EventCountry "MEX"]
[SourceTitle "EXT 2024"]
[Source "ChessBase"]
[SourceDate "2023.10.10"]
[SourceVersion "1"]
[SourceVersionDate "2023.10.10"]
[SourceQuality "1"]

1. e4 e5 2. Nf3 Nc6 3. Bb5 a6 4. Ba4 Nf6 5. 0-0 Be7 6. Re1 b5 7. Bb3 d6 8. c3 Na5 9. Bc2 c5 10. d4 exd4 11. cxd4 Bg4 12. Nbd2 0-0 13. h3 Bh5 14. b3 Nc6 15. g4 Bg6 16. d5 Nb4 17. Bb1 Nfxd5 18. exd5 Bf6 19. Bxg6 Bxa1 20. Bb1 Nxd5 21. Ne4 Nf6 22. Bg5 h6 23. Qc2 g6 24. Bxh6 Re8 25. Bg5 Kg7 26. Rd1 d5 27. Nxc5 Ra7 28. Nh4 Qd6 29. Nxg6 Nxg4 30. Nf4 Qe5 31. Rxd5 Qe1+ 32. Kg2 Nxf2 33. Qh7+ Kf8 34. Bh6+ Ke7 35. Ng6+ Kf6 36. Qg7# 1-0

[Event "ISR-ch U20"]
[Site "Ramat Hasharon"]
[Date "2023.08.06"]
[Round "5"]
[White "Levin, Guy"]
[Black "Stolyarsky, Yegor"]
[Result "1-0"]
[WhiteElo "2422"]
[BlackElo "2078"]
[PlyCount "43"]
[EventDate "2023.08.02"]
[EventType "swiss"]
[EventRounds "9"]
[EventCountry "ISR"]
[SourceTitle "EXT 2024"]
[Source "ChessBase"]
[SourceDate "2023.10.10"]
[SourceVersion "1"]
[SourceVersionDate "2023.10.10"]
[SourceQuality "1"]

1. Nf3 d5 2. e3 e6 3. c4 a6 4. b3 Nf6 5. Bb2 c5 6. Nc3 Nc6 7. cxd5 Nxd5 8. Be2 Nf6 9. Rc1 b6 10. 0-0 Bd6 11. d4 cxd4 12. Nxd4 Nxd4 13. Qxd4 0-0 14. Rfd1 Be7 15. Na4 Qxd4 16. Bxd4 b5 17. Bf3 Ba3 18. Bxa8 Bxc1 19. Bc5 Re8 20. Nb6 Nd7 21. Rxc1 Rd8 22. Be7 1-0

[Event "Ramat Gan Spring op"]
[Site "Ramat Gan"]
[Date "2023.06.05"]
[Round "5"]
[White "Hertz, Yaniv"]
[Black "Stolyarsky, Yegor"]
[Result "0-1"]
[WhiteElo "1877"]
[BlackElo "2051"]
[PlyCount "74"]
[EventDate "2023.05.01"]
[EventType "swiss"]
[EventRounds "7"]
[EventCountry "ISR"]
[SourceTitle "CBM 215 Extra"]
[Source "ChessBase"]
[SourceDate "2023.09.30"]
[SourceVersion "1"]
[SourceVersionDate "2023.09.30"]
[SourceQuality "1"]

1. e4 e5 2. Nf3 Nc6 3. Bb5 a6 4. Ba4 Nf6 5. d3 Bc5 6. Bxc6 dxc6 7. Nbd2 Be6 8. 0-0 Qd6 9. a3 0-0-0 10. b4 Bb6 11. Bb2 Nd7 12. Ng5 f6 13. Nxe6 Qxe6 14. Nc4 g5 15. a4 Nf8 16. Nxb6+ cxb6 17. Qe2 Ng6 18. g3 h5 19. b5 Rh7 20. bxa6 bxa6 21. a5 b5 22. c4 b4 23. c5 h4 24. d4 exd4 25. Qxa6+ Rb7 26. Ra4 Kc7 27. Qe2 Qb3 28. a6 Ra7 29. Raa1 Ne5 30. Rfd1 hxg3 31. fxg3 g4 32. Rab1 Nf3+ 33. Kg2 Rh8 34. h4 gxh3+ 35. Kf2 Ng5 36. Bxd4 Qe6 37. Re1 h2 0-1

[Event "Ramat Gan Spring op"]
[Site "Ramat Gan"]
[Date "2023.05.15"]
[Round "2"]
[White "Stolyarsky, Yegor"]
[Black "Drori, Dan"]
[Result "1-0"]
[WhiteElo "2051"]
[BlackElo "2156"]
[PlyCount "75"]
[EventDate "2023.05.01"]
[EventType "swiss"]
[EventRounds "7"]
[EventCountry "ISR"]
[SourceTitle "CBM 215 Extra"]
[Source "ChessBase"]
[SourceDate "2023.09.30"]
[SourceVersion "1"]
[SourceVersionDate "2023.09.30"]
[SourceQuality "1"]

1. d4 Nf6 2. c4 e6 3. Nf3 c5 4. d5 exd5 5. cxd5 g6 6. Nc3 Bg7 7. g3 0-0 8. Bg2 d6 9. 0-0 a6 10. a4 Re8 11. Re1 Nbd7 12. Bf4 Nh5 13. Bg5 Qc7 14. Rc1 h6 15. Bd2 Rb8 16. Rb1 b5 17. axb5 axb5 18. b4 cxb4 19. Na2 b3 20. Rxb3 Nc5 21. Rb4 Bd7 22. Qb1 Nf6 23. Nd4 Nfe4 24. Be3 Qb7 25. Nc6 Bxc6 26. dxc6 Qa6 27. Rxe4 Nxe4 28. Nb4 Qa5 29. Bxe4 Bc3 30. Nd5 Bxe1 31. Bd4 Qa4 32. Nf6+ Kh8 33. Qb2 Qd1 34. Nxe8+ Kg8 35. Nf6+ Kh8 36. Kg2 Rc8 37. Ne8+ Kg8 38. Nxd6 1-0

[Event "Wch U20 59th"]
[Site "Cala Gonone"]
[Date "2022.10.19"]
[Round "8"]
[White "Stolyarsky, Yegor"]
[Black "Flores Quillas, Diego Saul Rodrigo"]
[Result "0-1"]
[WhiteElo "1987"]
[BlackElo "2291"]
[PlyCount "128"]
[EventDate "2022.10.12"]
[EventType "swiss"]
[EventRounds "11"]
[EventCountry "ITA"]
[SourceTitle "CBM 210 Extra"]
[Source "ChessBase"]
[SourceDate "2022.11.30"]
[SourceVersion "1"]
[SourceVersionDate "2022.11.30"]
[SourceQuality "1"]

1. d4 Nf6 2. c4 c5 3. d5 e6 4. Nc3 exd5 5. cxd5 d6 6. e4 g6 7. h3 Bg7 8. Nf3 0-0 9. Be3 Re8 10. Nd2 a6 11. a4 Nxe4 12. Ncxe4 f5 13. Be2 fxe4 14. Nc4 Qc7 15. Bf4 Bf8 16. Qb3 Nd7 17. g4 Rb8 18. Qg3 Ne5 19. Nxe5 dxe5 20. Be3 b6 21. 0-0 Bb7 22. Rfd1 Rbd8 23. Qg2 Qf7 24. Rd2 Kg7 25. Bc4 Bxd5 26. Rad1 Bxc4 27. Rxd8 Bd3 28. Rxe8 Qxe8 29. Qg3 Bd6 30. f3 Qxa4 31. Rd2 c4 32. fxe4 Qa1+ 33. Kh2 Bxe4 34. Bg1 Bd3 35. Bxb6 Kf7 36. Qf3+ Ke6 37. Kg2 Qb1 38. Qf2 Bb4 39. Bd8 Qf1+ 40. Kh2 Bxd2 41. Qxd2 Qf4+ 42. Qxf4 exf4 43. Ba5 Kd5 44. Kg2 Ke4 45. Kf2 Bc2 46. Bc3 f3 47. Bf6 Bd1 48. Ke1 Kd3 49. Bc3 Be2 50. Kf2 Kc2 51. Ke1 Kc1 52. Be5 a5 53. Bf6 a4 54. Be5 Kc2 55. Bd4 Kb3 56. Kd2 g5 57. Bf6 Bf1 58. Ke3 c3 59. bxc3 Bc4 60. Be7 a3 61. Bxa3 Kxa3 62. Kxf3 Bf1 63. Kg3 Kb3 64. h4 gxh4+ 0-1

[Event "Wch U20 59th"]
[Site "Cala Gonone"]
[Date "2022.10.18"]
[Round "7"]
[White "Stolyarsky, Yegor"]
[Black "Carlo, Emanuele"]
[Result "0-1"]
[WhiteElo "1987"]
[BlackElo "2306"]
[PlyCount "68"]
[EventDate "2022.10.12"]
[EventType "swiss"]
[EventRounds "11"]
[EventCountry "ITA"]
[SourceTitle "CBM 210 Extra"]
[Source "ChessBase"]
[SourceDate "2022.11.30"]
[SourceVersion "1"]
[SourceVersionDate "2022.11.30"]
[SourceQuality "1"]

1. d4 d5 2. c4 e6 3. Nf3 Nf6 4. g3 dxc4 5. Bg2 a6 6. 0-0 Nc6 7. Nbd2 Nxd4 8. Nxc4 Nxf3+ 9. Bxf3 Qxd1 10. Rxd1 Be7 11. Na5 Nd5 12. e4 Nb4 13. Bf4 Bd6 14. Bxd6 cxd6 15. a3 Nc6 16. Nxc6 bxc6 17. Rxd6 Bb7 18. e5 0-0 19. Rad1 a5 20. Bxc6 Bxc6 21. Rxc6 Rfb8 22. Rd2 Rb5 23. f4 h6 24. Rc7 g5 25. Rdd7 Rf8 26. Rb7 Rc5 27. Kf2 Rc2+ 28. Kf3 gxf4 29. gxf4 Rxh2 30. Kg3 Re2 31. Kg4 Re3 32. Ra7 Kg7 33. Rxa5 h5+ 34. Kh4 Kh6 0-1

[Event "Wch U20 59th"]
[Site "Cala Gonone"]
[Date "2022.10.12"]
[Round "1"]
[White "Barseghyan, Armen Ar"]
[Black "Stolyarsky, Yegor"]
[Result "1-0"]
[WhiteElo "2402"]
[BlackElo "1987"]
[PlyCount "103"]
[EventDate "2022.10.12"]
[EventType "swiss"]
[EventRounds "11"]
[EventCountry "ITA"]
[SourceTitle "CBM 210 Extra"]
[Source "ChessBase"]
[SourceDate "2022.11.30"]
[SourceVersion "1"]
[SourceVersionDate "2022.11.30"]
[SourceQuality "1"]

1. d4 d5 2. Nf3 e6 3. Bf4 Nf6 4. e3 Bd6 5. Nbd2 b6 6. Ne5 Bb7 7. Bb5+ c6 8. Bd3 Qc7 9. Qf3 Nbd7 10. Nxd7 Nxd7 11. Qg3 Bxf4 12. exf4 0-0-0 13. c3 c5 14. 0-0 h6 15. Rfe1 g5 16. f5 Qxg3 17. hxg3 Rde8 18. fxe6 Rxe6 19. Rxe6 fxe6 20. Re1 Re8 21. Bf5 Nf8 22. f4 Bc6 23. Bd3 Re7 24. Nf3 Rg7 25. Kf2 Be8 26. Rh1 g4 27. Ne5 h5 28. Ke3 c4 29. Bc2 b5 30. f5 exf5 31. Bxf5+ Kc7 32. Rf1 Kd6 33. Bxg4 Nh7 34. Bf5 Rxg3+ 35. Rf3 Rxf3+ 36. gxf3 Nf6 37. Kf4 Ng8 38. Kg5 Ne7 39. Bh3 a5 40. f4 b4 41. f5 Nc8 42. f6 Nb6 43. Bf5 b3 44. axb3 cxb3 45. Bg6 Bd7 46. Kh6 Be6 47. Bf5 h4 48. Bxe6 Kxe6 49. f7 Nd7 50. Kg7 h3 51. Nxd7 h2 52. Nc5+ 1-0

[Event "ISR-ch sf"]
[Site "Ramat Gan"]
[Date "2022.07.11"]
[Round "9"]
[White "Stolyarsky, Yegor"]
[Black "Rozen, Guy"]
[Result "0-1"]
[WhiteElo "2174"]
[BlackElo "1967"]
[PlyCount "96"]
[EventDate "2022.05.09"]
[EventType "swiss"]
[EventRounds "9"]
[EventCountry "ISR"]
[SourceTitle "EXT 2023"]
[Source "ChessBase"]
[SourceDate "2022.10.05"]
[SourceVersion "1"]
[SourceVersionDate "2022.10.05"]
[SourceQuality "1"]

1. d4 f5 2. g3 Nf6 3. Bg2 g6 4. Nf3 Bg7 5. 0-0 0-0 6. c4 Ne4 7. Nbd2 c5 8. e3 Nc6 9. d5 Nxd2 10. Bxd2 Ne5 11. Nxe5 Bxe5 12. Qc2 Rb8 13. Bc3 Qc7 14. f4 Bxc3 15. Qxc3 b5 16. cxb5 a6 17. b4 Rxb5 18. Rfc1 c4 19. a4 Rb8 20. Rab1 Qa7 21. Kf2 d6 22. Qxc4 Bd7 23. Bf1 Rfc8 24. Qxa6 Qxa6 25. Bxa6 Rxc1 26. Rxc1 Rxb4 27. a5 Ra4 28. Bc8 Bb5 29. Be6+ Kg7 30. Rc7 Kf6 31. Rc8 Kg7 32. Rg8+ Kh6 33. Ra8 Ra2+ 34. Ke1 Rxh2 35. a6 Ra2 36. Bc8 Kh5 37. a7 Bd3 38. Be6 Kg4 39. Rh8 Rxa7 40. Rxh7 Kxg3 41. Rg7 Kf3 42. Kd2 Be4 43. Rh7 Ra2+ 44. Kc3 Kxe3 45. Rxe7 Kxf4 46. Kc4 g5 47. Kb5 g4 48. Kc6 g3 0-1

[Event "ISR-ch sf"]
[Site "Ramat Gan"]
[Date "2022.06.27"]
[Round "7"]
[White "Stolyarsky, Yegor"]
[Black "Reprun, Nadejda"]
[Result "1-0"]
[WhiteElo "2174"]
[BlackElo "1954"]
[PlyCount "55"]
[EventDate "2022.05.09"]
[EventType "swiss"]
[EventRounds "9"]
[EventCountry "ISR"]
[SourceTitle "EXT 2023"]
[Source "ChessBase"]
[SourceDate "2022.10.05"]
[SourceVersion "1"]
[SourceVersionDate "2022.10.05"]
[SourceQuality "1"]

1. d4 d5 2. c4 c6 3. Nf3 Nf6 4. g3 g6 5. Bg2 Bg7 6. 0-0 0-0 7. Qb3 dxc4 8. Qxc4 Be6 9. Qc2 Bd5 10. Rd1 Nbd7 11. Nc3 Bxf3 12. Bxf3 e6 13. e4 Rc8 14. Bf4 Qe7 15. Qe2 e5 16. Be3 exd4 17. Bxd4 c5 18. Be3 a6 19. a4 Ne5 20. Bg2 c4 21. f4 Nd3 22. e5 Nd7 23. b3 N7xe5 24. Nd5 Qe6 25. fxe5 Bxe5 26. Rab1 b5 27. bxc4 bxc4 28. Bh6 1-0

[Event "Ramat Gan Shavuot Rapid"]
[Site "Ramat Gan"]
[Date "2022.06.04"]
[Round "6"]
[White "Dvoirys, Semen I"]
[Black "Stolyarsky, Yegor"]
[Result "1/2-1/2"]
[WhiteElo "2439"]
[BlackElo "2193"]
[PlyCount "89"]
[EventDate "2022.06.04"]
[EventType "swiss (rapid)"]
[EventRounds "6"]
[EventCountry "ISR"]
[SourceTitle "CBM 208 Extra"]
[Source "ChessBase"]
[SourceDate "2022.07.31"]
[SourceVersion "1"]
[SourceVersionDate "2022.07.31"]
[SourceQuality "1"]

1. c4 Nf6 2. Nf3 g6 3. Nc3 Bg7 4. d4 d6 5. e4 0-0 6. Be2 e5 7. 0-0 Nc6 8. d5 Ne7 9. b4 a5 10. bxa5 Rxa5 11. a4 Nd7 12. Ba3 Nc5 13. Bb4 b6 14. Bxa5 bxa5 15. Nd2 f5 16. exf5 gxf5 17. Nb3 e4 18. Nxc5 dxc5 19. Ra3 Ng6 20. Nb5 f4 21. Bg4 f3 22. gxf3 Bxg4 23. fxg4 Ne5 24. Rh3 Rf3 25. Rh5 Qd7 26. h3 Nd3 27. Qe2 Qe7 28. Re1 Nxe1 29. Qxe1 e3 30. fxe3 Rxe3 31. Qd2 Qe4 32. d6 cxd6 33. Qd5+ Qxd5 34. Rxd5 Rxh3 35. Kg2 Re3 36. Nxd6 Bd4 37. Nf5 Rc3 38. Nxd4 cxd4 39. Rxd4 Ra3 40. c5 Rc3 41. Rd5 Rc4 42. Rg5+ Kf7 43. c6 Rxa4 44. c7 Rc4 45. Rxa5 1/2-1/2

[Event "Ramat Gan Shavuot Rapid"]
[Site "Ramat Gan"]
[Date "2022.06.04"]
[Round "3"]
[White "Stolyarsky, Yegor"]
[Black "Parkhov, Yair"]
[Result "0-1"]
[WhiteElo "2193"]
[BlackElo "2467"]
[PlyCount "118"]
[EventDate "2022.06.04"]
[EventType "swiss (rapid)"]
[EventRounds "6"]
[EventCountry "ISR"]
[SourceTitle "CBM 208 Extra"]
[Source "ChessBase"]
[SourceDate "2022.07.31"]
[SourceVersion "1"]
[SourceVersionDate "2022.07.31"]
[SourceQuality "1"]

1. d4 g6 2. c4 Bg7 3. g3 c5 4. Nf3 cxd4 5. Nxd4 Nc6 6. Nc2 d6 7. Bg2 Be6 8. Ne3 Nf6 9. 0-0 h5 10. Nc3 h4 11. Ncd5 Qd7 12. Nf4 hxg3 13. fxg3 Rc8 14. Ned5 Ne5 15. b3 Bxd5 16. cxd5 Qd8 17. e3 Qb6 18. Qe2 g5 19. Nd3 Qa6 20. Rd1 Rc3 21. Bf1 Nxd3 22. Rxd3 Rxd3 23. Qc2 0-0 24. Bxd3 Qb6 25. Qc4 Qa5 26. Bb2 Qxd5 27. Bxf6 Qxc4 28. Bxc4 Bxf6 29. Rc1 e6 30. Bd3 Bd8 31. Rc8 Bb6 32. Rxf8+ Kxf8 33. Kf2 f5 34. Ke2 Ke7 35. e4 fxe4 36. Bxe4 d5 37. Bf3 Kd6 38. h4 gxh4 39. gxh4 Bd8 40. h5 Bg5 41. a3 e5 42. Bg2 e4 43. Bh3 Ke5 44. Bc8 b6 45. Ba6 d4 46. Bb5 d3+ 47. Bxd3 exd3+ 48. Kxd3 Kd5 49. Kc3 Kc5 50. Kd3 Bc1 51. Kc2 Bh6 52. Kd3 b5 53. Kc3 Bg7+ 54. Kd3 b4 55. a4 Kd5 56. Ke3 Bh6+ 57. Kd3 a5 58. Kc2 Kd4 59. Kb1 Ke5 0-1

[Event "ISR-ch U08/18"]
[Site "Savyon"]
[Date "2022.04.14"]
[Round "9"]
[White "Stolyarsky, Yegor"]
[Black "Yaniv, Yuval"]
[Result "1-0"]
[WhiteElo "2201"]
[BlackElo "2303"]
[PlyCount "85"]
[EventDate "2022.04.06"]
[EventType "swiss"]
[EventRounds "9"]
[EventCountry "ISR"]
[SourceTitle "EXT 2023"]
[Source "ChessBase"]
[SourceDate "2022.10.05"]
[SourceVersion "1"]
[SourceVersionDate "2022.10.05"]
[SourceQuality "1"]

1. d4 Nf6 2. c4 g6 3. g3 Bg7 4. Bg2 0-0 5. Nf3 d6 6. 0-0 Nc6 7. e3 e5 8. Nc3 Bf5 9. Qb3 Rb8 10. Re1 Re8 11. Bd2 e4 12. Ng5 h6 13. Nh3 g5 14. Kh1 Ne7 15. Rf1 Ng6 16. Ng1 h5 17. f3 Qd7 18. Qa4 c6 19. Qxa7 d5 20. cxd5 cxd5 21. fxe4 Nxe4 22. Nxe4 Bxe4 23. Bxe4 Ra8 24. Bf5 Qxf5 25. Rxf5 Rxa7 26. Rxg5 Bh6 27. Rxh5 Kg7 28. Rxd5 Raa8 29. Rd7 Bxe3 30. Bxe3 Rxe3 31. Rf1 Ne7 32. d5 Kg6 33. d6 Nf5 34. Nh3 Rh8 35. Nf4+ Kg5 36. Kg2 Re5 37. Rf2 f6 38. h4+ Kg4 39. Ng6 Ne3+ 40. Kh2 Nf1+ 41. Kg1 Nxg3 42. Nxe5+ fxe5 43. Rg7+ 1-0

[Event "ISR-ch op"]
[Site "Safed"]
[Date "2021.12.11"]
[Round "4"]
[White "Stolyarsky, Yegor"]
[Black "Gorshtein, Ido"]
[Result "0-1"]
[WhiteElo "2148"]
[BlackElo "2417"]
[PlyCount "140"]
[EventDate "2021.12.08"]
[EventType "swiss"]
[EventRounds "9"]
[EventCountry "ISR"]
[SourceTitle "CBM 205 Extra"]
[Source "ChessBase"]
[SourceDate "2022.01.31"]
[SourceVersion "1"]
[SourceVersionDate "2022.01.31"]
[SourceQuality "1"]

1. d4 Nf6 2. Nf3 e6 3. c4 a6 4. a4 a5 5. g3 Bb4+ 6. Bd2 Nc6 7. Bg2 d6 8. 0-0 0-0 9. e3 Bxd2 10. Qxd2 e5 11. Nc3 Re8 12. dxe5 Nxe5 13. Nxe5 Rxe5 14. f4 Re8 15. e4 Bd7 16. Rfe1 Bc6 17. Rad1 Nd7 18. e5 Nc5 19. Bxc6 bxc6 20. exd6 Rxe1+ 21. Qxe1 cxd6 22. Ne4 Qb6 23. Qe3 Nxa4 24. Qxb6 Nxb6 25. Nxd6 Na4 26. Rb1 g6 27. b4 Rb8 28. b5 cxb5 29. Rxb5 Rxb5 30. Nxb5 Kf8 31. Kf2 Nb2 32. Na3 Ke7 33. Ke3 Kd6 34. Kd4 Kc6 35. Nb5 Nd1 36. Na7+ Kb6 37. Nb5 a4 38. Na3 f5 39. c5+ Kc6 40. Nc4 Nf2 41. Ne5+ Kb5 42. c6 Kb6 43. Kc4 a3 44. Kb3 Ng4 45. Nf3 Kxc6 46. Kxa3 Kd5 47. Kb3 Nf6 48. Kb4 Ke4 49. Ng5+ Ke3 50. Kc4 Kf2 51. Kd4 Kg2 52. Ke5 Ng4+ 53. Ke6 h6 54. Nf7 Kxh2 55. Nh8 Kxg3 56. Nxg6 Ne3 57. Kf6 Kg4 58. Ne5+ Kxf4 59. Nd3+ Kg4 60. Kg6 h5 61. Ne5+ Kh4 62. Nf7 f4 63. Ne5 Ng4 64. Nd3 f3 65. Ne1 f2 66. Nf3+ Kg3 67. Nd2 h4 68. Kf5 h3 69. Ne4+ Kg2 70. Kxg4 f1Q 0-1

[Event "EU-Cup Online Gr-F"]
[Site "Tornelo INT"]
[Date "2021.03.28"]
[Round "7.3"]
[White "Apaydin, Fethi"]
[Black "Stolyarsky, Yegor"]
[Result "1/2-1/2"]
[WhiteElo "2260"]
[BlackElo "2063"]
[PlyCount "139"]
[EventDate "2021.03.27"]
[EventType "team-tourn (rapid)"]
[EventRounds "9"]
[EventCountry "NET"]
[SourceTitle "CBM 201 Extra"]
[Source "ChessBase"]
[SourceDate "2021.05.31"]
[SourceVersion "1"]
[SourceVersionDate "2021.05.31"]
[SourceQuality "1"]
[WhiteTeam "Apaydin"]
[BlackTeam "Tsafrir Rehovot"]
[WhiteTeamCountry "TUR"]
[BlackTeamCountry "ISR"]

1. e4 e5 2. Nc3 Nf6 3. g3 Bc5 4. Bg2 d6 5. Na4 Bb6 6. Nxb6 axb6 7. Ne2 Nc6 8. 0-0 Bg4 9. h3 Be6 10. d4 exd4 11. Nxd4 Nxd4 12. Qxd4 0-0 13. b3 d5 14. e5 Ne4 15. Bb2 Qg5 16. a4 c5 17. Qd3 Rac8 18. c4 Bf5 19. g4 dxc4 20. Qxc4 Nd2 21. Bc1 Nxc4 22. Bxg5 Bd3 23. bxc4 Bxf1 24. Kxf1 Rfe8 25. f4 Rc7 26. Rd1 Ra8 27. Rd8+ Rxd8 28. Bxd8 Rd7 29. Bxb6 Rd4 30. Bd5 Rxf4+ 31. Kg2 Rd4 32. Bxc5 Rd2+ 33. Kg3 Ra2 34. Bxb7 Rxa4 35. Bd5 Ra1 36. Bd6 Rd1 37. e6 fxe6 38. Bxe6+ Kh8 39. c5 h5 40. gxh5 Kh7 41. Bf5+ Kh8 42. Bf4 Rd5 43. Bg6 Rxc5 44. h4 Ra5 45. Bg5 Ra1 46. Kf4 Ra5 47. Bd3 Rd5 48. Ke4 Ra5 49. Bc4 Rc5 50. Bd5 Rc2 51. Kf5 Rc5 52. Ke6 Ra5 53. Kd6 Ra6+ 54. Ke7 Ra1 55. Be6 Re1 56. Kf7 Rf1+ 57. Kg6 Rf2 58. Bd5 Rf6+ 59. Bxf6 gxf6 60. Kf5 Kh7 61. Be4 Kh8 62. Bc6 Kg8 63. Bd7 Kh8 64. Kg6 Kg8 65. Bf5 Kh8 66. h6 Kg8 67. h5 Kh8 68. Kxf6 Kg8 69. h7+ Kh8 70. h6 1/2-1/2

[Event "EU-Cup Online Gr-F"]
[Site "Tornelo INT"]
[Date "2021.03.28"]
[Round "9.3"]
[White "Stolyarsky, Yegor"]
[Black "Hamdouchi, Hicham"]
[Result "1-0"]
[WhiteElo "2063"]
[BlackElo "2561"]
[PlyCount "107"]
[EventDate "2021.03.27"]
[EventType "team-tourn (rapid)"]
[EventRounds "9"]
[EventCountry "NET"]
[SourceTitle "CBM 201 Extra"]
[Source "ChessBase"]
[SourceDate "2021.05.31"]
[SourceVersion "1"]
[SourceVersionDate "2021.05.31"]
[SourceQuality "1"]
[WhiteTeam "Tsafrir Rehovot"]
[BlackTeam "Clichy Echecs 92"]
[WhiteTeamCountry "ISR"]
[BlackTeamCountry "FRA"]

1. d4 Nf6 2. Nf3 g6 3. c4 Bg7 4. g3 0-0 5. Bg2 d6 6. 0-0 Nbd7 7. Nc3 e5 8. e3 Re8 9. b3 c6 10. Bb2 a6 11. Ne1 e4 12. d5 c5 13. Qc2 Qe7 14. Rb1 Nf8 15. Ba1 Bf5 16. b4 N8d7 17. Na4 b5 18. cxb5 axb5 19. Nc3 cxb4 20. Rxb4 Rec8 21. Rxb5 Qe5 22. Qd2 Ne8 23. f4 exf3 24. Nxf3 Qe7 25. Nd4 Ne5 26. Nc6 Nxc6 27. dxc6 Nc7 28. Rb7 Be6 29. Nd5 Bxd5 30. Bxd5 Rf8 31. Bxg7 Kxg7 32. Qd4+ f6 33. a4 h5 34. a5 Kh6 35. Ra1 Ra6 36. Qe4 Qd8 37. Bc4 d5 38. Qf4+ g5 39. Qxc7 Qxc7 40. Rxc7 dxc4 41. Rc1 Rxa5 42. Rxc4 Ra2 43. Rd7 Re8 44. c7 Rxe3 45. Rc1 Ree2 46. c8Q Rg2+ 47. Kf1 Rgf2+ 48. Ke1 Rxh2 49. Qh8+ Kg6 50. Qg8+ Kf5 51. Rd5+ Kg4 52. Qe6+ Kxg3 53. Rd3+ Kh4 54. Rc4+ 1-0

[Event "ISR-ch 40th"]
[Site "Jerusalem"]
[Date "2021.03.12"]
[Round "6"]
[White "Shohat, Yotam"]
[Black "Stolyarsky, Yegor"]
[Result "1-0"]
[WhiteElo "2371"]
[BlackElo "2063"]
[PlyCount "77"]
[EventDate "2021.03.07"]
[EventType "swiss"]
[EventRounds "9"]
[EventCountry "ISR"]
[SourceTitle "CBM 201 Extra"]
[Source "ChessBase"]
[SourceDate "2021.05.31"]
[SourceVersion "1"]
[SourceVersionDate "2021.05.31"]
[SourceQuality "1"]

1. d4 Nf6 2. Bg5 g6 3. Bxf6 exf6 4. g3 Bg7 5. Bg2 f5 6. e3 c6 7. c4 Na6 8. Ne2 Nc7 9. Nbc3 d6 10. 0-0 0-0 11. Qd3 Ne8 12. b4 Nf6 13. Rfd1 Qe7 14. b5 c5 15. Rac1 Rb8 16. Nf4 Re8 17. Ncd5 Nxd5 18. Nxd5 Qd8 19. dxc5 dxc5 20. Qa3 b6 21. Qxa7 Rb7 22. Qa8 Rd7 23. Bf3 Kf8 24. Nf4 Ree7 25. Qb8 Re8 26. Rxd7 Bxd7 27. Qd6+ Qe7 28. Qxb6 g5 29. Nd5 Qe5 30. Qxc5+ Kg8 31. Rd1 f4 32. exf4 gxf4 33. Qc7 Qf5 34. Qxd7 Re1+ 35. Kg2 Qxd7 36. Nf6+ Bxf6 37. Rxd7 fxg3 38. hxg3 Ra1 39. Bd5 1-0

[Event "ISR-ch 40th"]
[Site "Jerusalem"]
[Date "2021.03.09"]
[Round "3"]
[White "Stolyarsky, Yegor"]
[Black "Smirin, Ilia"]
[Result "0-1"]
[WhiteElo "2063"]
[BlackElo "2614"]
[PlyCount "70"]
[EventDate "2021.03.07"]
[EventType "swiss"]
[EventRounds "9"]
[EventCountry "ISR"]
[SourceTitle "CBM 201 Extra"]
[Source "ChessBase"]
[SourceDate "2021.05.31"]
[SourceVersion "1"]
[SourceVersionDate "2021.05.31"]
[SourceQuality "1"]

1. d4 Nf6 2. c4 c5 3. d5 b5 4. cxb5 a6 5. b6 d6 6. Nc3 Nbd7 7. e4 g6 8. Nf3 Bg7 9. Be2 0-0 10. 0-0 Nxb6 11. a4 Bg4 12. Nd2 Bxe2 13. Qxe2 a5 14. Nc4 Nxc4 15. Qxc4 Nd7 16. Qe2 Rb8 17. Nb5 Rb7 18. Ra3 f5 19. Bg5 Nb6 20. Re1 Qd7 21. Nc3 fxe4 22. Qxe4 Bd4 23. Be3 Nc4 24. Ra2 Bxe3 25. fxe3 Nxb2 26. Nb5 Nxa4 27. Nxd6 Rb4 28. Qc2 exd6 29. Rea1 Nb6 30. Rxa5 Nxd5 31. e4 Nf4 32. Kh1 Qe6 33. Re1 Rd4 34. e5 Nd3 35. Rb1 Qxe5 0-1

[Event "ISR-ch 40th"]
[Site "Jerusalem"]
[Date "2021.03.08"]
[Round "2"]
[White "Haimovich, Tal"]
[Black "Stolyarsky, Yegor"]
[Result "1-0"]
[WhiteElo "2375"]
[BlackElo "2063"]
[PlyCount "127"]
[EventDate "2021.03.07"]
[EventType "swiss"]
[EventRounds "9"]
[EventCountry "ISR"]
[SourceTitle "CBM 201 Extra"]
[Source "ChessBase"]
[SourceDate "2021.05.31"]
[SourceVersion "1"]
[SourceVersionDate "2021.05.31"]
[SourceQuality "1"]

1. d4 Nf6 2. c4 g6 3. Nc3 Bg7 4. e4 d6 5. Bd3 0-0 6. Nge2 Nbd7 7. 0-0 c5 8. d5 Ne5 9. Bg5 Nfg4 10. b3 Nxd3 11. Qxd3 f5 12. Rae1 h6 13. Bd2 e5 14. dxe6 Bxe6 15. Nf4 fxe4 16. Nxe4 Bf5 17. Qd5+ Kh7 18. h3 Nf6 19. Nxf6+ Qxf6 20. Qxb7 Rae8 21. Nd5 Qd8 22. Qxa7 Qd7 23. Qxd7 Bxd7 24. Bf4 Be5 25. Bxe5 dxe5 26. Re3 Bc6 27. Rd1 Kg7 28. a4 e4 29. Nc3 Rb8 30. Nxe4 Bxe4 31. Rxe4 Rxb3 32. Rd7+ Rf7 33. Rxf7+ Kxf7 34. Re5 Rb4 35. Rxc5 Rxa4 36. Rc6 h5 37. g3 Ra3 38. Rd6 Rc3 39. Rd4 Ke6 40. h4 Kf6 41. Kf1 Rc2 42. Ke1 Ke6 43. Re4+ Kf5 44. Rf4+ Ke5 45. Kd1 Ra2 46. Ke1 Rc2 47. Kf1 Ra2 48. Rf8 Rc2 49. Rc8 Kf6 50. Ke1 Ke6 51. Rc6+ Kf5 52. Kf1 Ra2 53. Rc5+ Ke6 54. Kg2 Ra3 55. Rg5 Kf6 56. Kf1 Rc3 57. c5 Rc2 58. Ke1 Kg7 59. Rd5 Kf8 60. Rd6 Kf7 61. c6 Rc5 62. Kd2 g5 63. hxg5 Rxg5 64. Rd3 1-0